000 00841nam a2200217Ia 4500
008 0000001990 mX a 0000000000spa00
090 _aPSP00 C17s6
100 1 _aCarbonell, Santiago
_d1960
245 1 0 _aSantiago Carbonell
_b: pinturas
_c/ fotografías Jesús Días de León, Paul Magraff, Manuel Suárez
300 _a131 p.
_c/ 31 cm.
500 _aCon el patronazgo del maestro venezolano Jesús Rafael Soto (q.e.p.d.)
600 0 0 _aCARBONELL, SANTIAGO, 1960/
_xTRABAJOS PICTORICOS
650 1 4 _aARTE CONTEMPORANEO ESPAÑOL
650 1 4 _xCATALOGOS
650 1 4 _aDESNUDO EN EL ARTE
650 1 4 _xEXPOSICIONES
650 1 4 _aPINTORES ESPAÑOLES
650 1 4 _aPINTURA ESPAÑOLA
700 1 _aDías de León, Jesús \ Magraff, Paul \ Suárez, Manuel
999 _c6315
_d6315
260 _aMéxico : Instituto Mexicano del Petróleo
_c1990